MESTSKÁ KNIŽNICA GIRALTOVCE  - online katalóg 

Cestopisné denníky (Record no. 23223)

000 -NÁVESTIE
fixed length control field 02185cam a2200625 4500
001 - EVIDENČNÉ ČÍSLO ZÁZNAMU - Kontrolné číslo
control field vtls011836985
005 - DÁTUM A ČAS POSLEDNEJ TRANSAKCIE
control field 20220427113934.0
008 - ÚDAJE S PEVNOU DĹŽKOU – VŠEOBECNÉ INFORMÁCIE
fixed length control field 210624s2018 xo oac gr 000 jdslo
020 ## - MEDZINÁRODNÉ ŠTANDARDNÉ ČÍSLO KNIHY (ISBN)
Medzinárodné štandardné číslo knihy (ISBN) 9788097291310
Qualifying information (viazané)
035 ## - Iný štandardný identifikátor
Iný štandardný identifikátor FEA588F1-F9DD-4B0F-98AD-5D30DC5C6979
035 ## - Iný štandardný identifikátor
Iný štandardný identifikátor urn:nbn:sk:snk-am3ie15
035 ## - Iný štandardný identifikátor
Iný štandardný identifikátor urn:nbn:sk:snk-am00e6he
040 ## - ZDROJ KATALOGIZÁCIE
Pôvodná katalogizujúca agentúra SVKPO
Jazyk katalogizácie slo
Prepisujúca agentúra SVKPO
Modifikujúca agentúra SNK
Konvencie popisu rda
041 0# - KÓD JAZYKA
Kód jazyka textu/zvukovej stopy alebo samostatných nápisov slo
044 ## - KÓD KRAJINY VYDAVATEĽA/PRODUCENTA
Kód krajiny MARC xo
Kód krajiny ISO SK
072 #7 - KÓD PREDMETOVEJ KATEGÓRIE
Kód predmetovej kategórie 91
Pododdiel kódu predmetovej kategórie Geografia ako veda. Výskum. Cestovanie
Zdroj konspekt
080 ## - ČÍSLO MEDZINÁRODNÉHO DESATINNÉHO TRIEDENIA (MDT)
Číslo Medzinárodného desatinného triedenia (MDT) 910.4
Identifikátor vydania 2011
080 ## - ČÍSLO MEDZINÁRODNÉHO DESATINNÉHO TRIEDENIA (MDT)
Číslo Medzinárodného desatinného triedenia (MDT) 910.4-051
Identifikátor vydania 2011
080 ## - ČÍSLO MEDZINÁRODNÉHO DESATINNÉHO TRIEDENIA (MDT)
Číslo Medzinárodného desatinného triedenia (MDT) (=162.4)
Identifikátor vydania 2011
080 ## - ČÍSLO MEDZINÁRODNÉHO DESATINNÉHO TRIEDENIA (MDT)
Číslo Medzinárodného desatinného triedenia (MDT) (437.6)
Identifikátor vydania 2011
080 ## - ČÍSLO MEDZINÁRODNÉHO DESATINNÉHO TRIEDENIA (MDT)
Číslo Medzinárodného desatinného triedenia (MDT) (0:82-992)
Identifikátor vydania 2011
080 ## - ČÍSLO MEDZINÁRODNÉHO DESATINNÉHO TRIEDENIA (MDT)
Číslo Medzinárodného desatinného triedenia (MDT) (093.3)
Identifikátor vydania 2011
080 ## - ČÍSLO MEDZINÁRODNÉHO DESATINNÉHO TRIEDENIA (MDT)
Číslo Medzinárodného desatinného triedenia (MDT) 910.4(091)
Identifikátor vydania 2011
080 ## - ČÍSLO MEDZINÁRODNÉHO DESATINNÉHO TRIEDENIA (MDT)
Číslo Medzinárodného desatinného triedenia (MDT) (100)
Identifikátor vydania 2011
245 00 - NÁZOV
Názov Cestopisné denníky
Zvyšok názvu zblízka i zďaleka, z monarchie i republiky
Údaj o zodpovednosti atď. Ján Golian, Rastislav Molda (eds.)
246 30 - INÁ FORMA NÁZVU
Hlavný názov/skrátený názov Zblízka i zďaleka, z monarchie i republiky
264 #1 - VYDAVATEĽSKÉ ÚDAJE, DISTRIBÚCIA ATĎ. - RDA
Miesto publikovania, distribúcie atď. Banská Bystrica
Názov vydavateľa, distibútora atď. Society for Human Studies
Dátum publikovania, distribúcie atď. 2018
300 ## - FYZICKÝ POPIS
Rozsah 286 strán
Ďalšie fyzické detaily fotografie, ilustrácie, portréty
Rozmery 25 cm
336 ## - TYP OBSAHU
Typ obsahu - termín text
Typ obsahu - kód txt
Zdroj rdacontent
337 ## - TYP MÉDIA
Typ média - termín bez média
Typ média - kód n
Zdroj rdamedia
338 ## - TYP NOSIČA
Typ nosiča - termín zväzok
Typ nosiča - kód nc
Zdroj rdacarrier
500 ## - VŠEOBECNÁ POZNÁMKA
Formátovaná poznámka o obsahu Obsahuje biografické informácie o zostavovateľoch
648 #7 - PRIDANÝ VSTUP – PREDMET – CHRONOLOGICKÝ TERMÍN
Chronologický termín 19.-20. storočie
Zdroj hesla alebo termínu SNKPH
-- 2202
648 #7 - PRIDANÝ VSTUP – PREDMET – CHRONOLOGICKÝ TERMÍN
Chronologický termín 19-20th centuries
Zdroj hesla alebo termínu SNKPHeng
-- 2998
650 07 - PRIDANÝ VSTUP – PREDMET – TEMATICKÉ HESLO
Tematické heslo alebo geografický názov ako vstupný prvok cestovanie
Zdroj hesla alebo termínu SNKPH
-- 2999
650 07 - PRIDANÝ VSTUP – PREDMET – TEMATICKÉ HESLO
Tematické heslo alebo geografický názov ako vstupný prvok cestovatelia
Zdroj hesla alebo termínu SNKPH
-- 3000
650 07 - PRIDANÝ VSTUP – PREDMET – TEMATICKÉ HESLO
Tematické heslo alebo geografický názov ako vstupný prvok Travelling
Zdroj hesla alebo termínu SNKPHeng
-- 3001
650 07 - PRIDANÝ VSTUP – PREDMET – TEMATICKÉ HESLO
Tematické heslo alebo geografický názov ako vstupný prvok Travellers
Zdroj hesla alebo termínu SNKPHeng
-- 3002
650 07 - PRIDANÝ VSTUP – PREDMET – TEMATICKÉ HESLO
Tematické heslo alebo geografický názov ako vstupný prvok Slováci
Zdroj hesla alebo termínu SNKPH
-- 1999
650 07 - PRIDANÝ VSTUP – PREDMET – TEMATICKÉ HESLO
Tematické heslo alebo geografický názov ako vstupný prvok dejiny cestovania
Zdroj hesla alebo termínu SNKPH
-- 3003
650 07 - PRIDANÝ VSTUP – PREDMET – TEMATICKÉ HESLO
Tematické heslo alebo geografický názov ako vstupný prvok History of travelling
Zdroj hesla alebo termínu SNKPHeng
-- 3004
650 07 - PRIDANÝ VSTUP – PREDMET – TEMATICKÉ HESLO
Tematické heslo alebo geografický názov ako vstupný prvok Slovaks
Zdroj hesla alebo termínu SNKPHeng
-- 2002
650 #7 - PRIDANÝ VSTUP – PREDMET – TEMATICKÉ HESLO
Tematické heslo alebo geografický názov ako vstupný prvok krajiny sveta
Zdroj hesla alebo termínu SNKPHgeo
-- 2418
651 #7 - PRIDANÝ VSTUP – PREDMET – GEOGRAFICKÝ NÁZOV
Geografický názov Slovensko
Zdroj hesla alebo termínu SNKPHgeo
-- 1613
651 #7 - PRIDANÝ VSTUP – PREDMET – GEOGRAFICKÝ NÁZOV
Geografický názov Slovakia
Zdroj hesla alebo termínu SNKPHeng
-- 1614
651 #7 - PRIDANÝ VSTUP – PREDMET – GEOGRAFICKÝ NÁZOV
Geografický názov Countries of the world
Zdroj hesla alebo termínu SNKPHeng
-- 2419
655 #7 - INDEXAČNÝ TERMÍN – ŽÁNER/FORMA
Údaje o žánri/forme alebo termín, ktorý je prvok fazety cestopisy
Zdroj termínu SNKPH
-- 3005
655 #7 - INDEXAČNÝ TERMÍN – ŽÁNER/FORMA
Údaje o žánri/forme alebo termín, ktorý je prvok fazety Books of travels
Zdroj termínu SNKPHeng
-- 3006
655 #7 - INDEXAČNÝ TERMÍN – ŽÁNER/FORMA
Údaje o žánri/forme alebo termín, ktorý je prvok fazety Diaries
Zdroj termínu SNKPHeng
-- 1783
655 #7 - INDEXAČNÝ TERMÍN – ŽÁNER/FORMA
Údaje o žánri/forme alebo termín, ktorý je prvok fazety denníky
Zdroj termínu SNKPH
-- 1782
700 1# - PRIDANÝ VSTUP – OSOBNÉ MENO
Osobné meno Golian, Ján,
Dátumy súvisiace s menom 1986-
Kód roly edt
-- aui
-- 2947
700 1# - PRIDANÝ VSTUP – OSOBNÉ MENO
Osobné meno Molda, Rastislav,
Dátumy súvisiace s menom 1986-
Kód roly edt
-- aui
-- 2950
958 ## - Formálny deskriptor
Formálny deskriptor LX
958 ## - Formálny deskriptor
Formálny deskriptor NB
Holdings
Stav stiahnutia (Blokovanie) (Withrawn status) Stav straty Zdroj klasifikácie pre skladovanie Stav poškodenia (Damaged status) Nie pre výpožičky (Not for loan) Spôsob nadobudnutia (Collection code) Trvalé umiestnenie Aktuálne umiestnenie Dátum nadobudnutia Náklady, bežná kúpna cena Inventárne číslo (prírastkové číslo) Celkom výpožičky Full call number Čiarový kód Dátum posledného výskytu Dátum poslednej výpôžičky Cena s účinnosťou od Typ jednotky Koha
          Kúpa Mestská knižnica Giraltovce Mestská knižnica Giraltovce 2019-11-29 15.00 21177 1 I1840 I1840 2023-03-23 2023-02-17 2022-04-27 Odborná literatúra pre dospelých

Powered by Koha